20 Largest Cities in Libya - Statistics

General Stats
  • This quiz has been taken 22 times
    16 since last reset
  • The average score is 8 of 20
Answer Stats
Population City % Correct
2,200,000 Tripoli
100%
1,501,000 Benghazi
92%
172,500 Tobruk
75%
550,000 Misrata
67%
150,000 Derna
58%
103,743 Sabha
58%
128,123 Sirte
58%
160,200 Ajdabiya
33%
209,000 Bayda
33%
88,317 Khoms
33%
158,250 Zliten
33%
187,000 Gharyan
25%
95,425 Bani Walid
17%
68,940 Kufra
17%
162,894 Marj
17%
80,000 Sabratha
17%
234,000 Zawiya
17%
60,681 Tocra
8%
75,893 Zuwara
8%
70,631 Al Qubah
0%
No matching quizzes found
Score Distribution
Percent of People with Each Score
Percentile by Number Answered
Your Score History
You have not taken this quiz since the last reset